Squadre retrocesse dai primi 5 campionati 2023-24 - Statistics

Statistiche generali
  • Questo quiz è stato fatto 22 volte
  • Il punteggio medio è 6 su 14
Statistiche sulle risposte
Nation Risposta % Corretto
Serie A Sassuolo
90%
Serie A Salernitana
85%
Serie A Frosinone
80%
Premier League Luton Town
55%
Premier League Sheffield United
50%
La Liga Granada
35%
Premier League Burnley
30%
La Liga Almería
25%
Ligue 1 Metz
25%
Bundesliga Darmstadt 98
20%
La Liga Cadíz
15%
Ligue 1 Clermont Foot
15%
Bundesliga FC Köln
15%
Ligue 1 Lorient
15%
Nessun quiz corrispondente trovato
Distribuzione punteggi
Percentuale di utenti per punteggio
Percentile per numero di risposta
I tuoi punteggi nel tempo
Non hai fatto questo quiz